| 000 | 00996cam a2200289 a 4500 | ||
|---|---|---|---|
| 005 | 20260322212017.0 | ||
| 008 | data | ||
| 010 | _a 94027852 | ||
| 020 | _a0875463312 | ||
| 020 | _a0875463320 (pbk.) | ||
| 020 | _a9780875463315 | ||
| 020 | _a9780875463322 (pbk.) | ||
| 040 |
_aDLC _cDLC _dDLC |
||
| 043 | _an-us--- | ||
| 050 | 0 | 0 |
_aHD5325.M73 1983 _bM677 1995 |
| 082 | 0 | 0 |
_a331.89/28223431/0979151 _220 |
| 092 | _a331.89 M677 1995 | ||
| 100 | 1 |
_aRosenblum, Jonathan D., _d1958- |
|
| 245 | 1 | 0 |
_aCopper crucible : _bhow the Arizona miners' strike of 1983 recast labor-management relations in America / _cJonathan D. Rosenblum. |
| 260 |
_aIthaca, N.Y. : _bILR Press, _cc1995. |
||
| 300 |
_axi, 256 p. : _bport. ; _c24 cm. |
||
| 504 | _aIncludes bibliographical references (p. 231-246) and index. | ||
| 650 | 0 | _aPhelps Dodge Corporation Strike, Morenci, Ariz., 1983- | |
| 650 | 0 |
_aStrikes and lockouts _xCopper mining _zArizona. |
|
| 650 | 0 |
_aIndustrial relations _zUnited States. |
|
| 001 | data | ||
| 999 |
_c361 _d361 |
||